[Event "CAN-ch Seniors 50+"]
[Site "Kitchener"]
[Date "2015.08.02"]
[Round "4"]
[White "Cova, Ramon"]
[Black "Kuehl, Scott"]
[Result "1-0"]
[WhiteElo "2085"]
[BlackElo "1822"]
[PlyCount "80"]
[EventDate "2015.07.31"]
[EventType "swiss"]
[EventRounds "7"]
[EventCountry "CAN"]
[SourceTitle "EXT 2022"]
[Source "ChessBase"]
[SourceDate "2021.10.06"]
[SourceVersion "1"]
[SourceVersionDate "2021.10.06"]
[SourceQuality "1"]

1. e4 Nf6 2. e5 Nd5 3. Nc3 e6 4. d4 d6 5. Nf3 Nc6 6. Bb5 Bd7 7. Nxd5 exd5 8. 0-0 Nxe5 9. Re1 Bxb5 10. dxe5 Be7 11. Nd4 dxe5 12. Nxb5 f6 13. Qh5+ g6 14. Qh6 Qd7 15. a4 a6 16. Nc3 0-0-0 17. Rb1 g5 18. b4 b6 19. Rd1 d4 20. Ne4 Qf5 21. Re1 Rdg8 22. Qh5 Qe6 23. Qe2 Kb7 24. c4 dxc3 25. Nxc3 Qc6 26. Bd2 Qe6 27. a5 b5 28. Nxb5 axb5 29. Qxb5+ Ka8 30. Rec1 Rb8 31. Qa4 Rb7 32. Rc6 Qd5 33. a6 Rb5 34. Rxc7 Bd6 35. Rd7 Rhb8 36. Be3 Rc5 37. Rd1 Rxb4 38. Rd8+ Bb8 39. R8xd5 Rxa4 40. Rxc5 Rxa6 1-0

[Event "CAN-ch Seniors 50+"]
[Site "Kitchener"]
[Date "2015.07.31"]
[Round "1"]
[White "Kuehl, Scott"]
[Black "Barron, Michael"]
[Result "0-1"]
[WhiteElo "1822"]
[BlackElo "2316"]
[PlyCount "58"]
[EventDate "2015.07.31"]
[EventType "swiss"]
[EventRounds "7"]
[EventCountry "CAN"]
[SourceTitle "EXT 2022"]
[Source "ChessBase"]
[SourceDate "2021.10.06"]
[SourceVersion "1"]
[SourceVersionDate "2021.10.06"]
[SourceQuality "1"]

1. e4 e5 2. Nf3 Nc6 3. Nc3 Nf6 4. Nxe5 Nxe5 5. d4 Ng6 6. e5 Ng8 7. Bc4 Bb4 8. Qf3 Qe7 9. 0-0 Bxc3 10. bxc3 Nh6 11. Bxh6 gxh6 12. Rae1 0-0 13. d5 d6 14. exd6 Qxd6 15. Re4 Bd7 16. Rfe1 Rae8 17. Bd3 Kg7 18. c4 b6 19. Qd1 Rxe4 20. Rxe4 Re8 21. g3 Rxe4 22. Bxe4 Qe5 23. Bg2 h5 24. h4 Bg4 25. f3 Qxg3 26. Qd4+ f6 27. fxg4 Nxh4 28. Qe4 Qxg2+ 29. Qxg2 Nxg2 0-1